UBT Library

THE OXFORD DICTIONARY OF QUOTATIONS (Record no. 20335)

000 -LEADER
fixed length control field 00277nam a22001217a 4500
008 - FIXED-LENGTH DATA ELEMENTS--GENERAL INFORMATION
fixed length control field 170712b xxu||||| |||| 00| 0 eng d
041 ## - LANGUAGE CODE
Language code of text/sound track or separate title eng
080 ## - UNIVERSAL DECIMAL CLASSIFICATION NUMBER
Edition identifier 3RD
Universal Decimal Classification number 038
100 ## - Rafti
Rafti 26
101 ## - Shkurtesa
Shkurtesa FJA
245 ## - TITLE STATEMENT
Title THE OXFORD DICTIONARY OF QUOTATIONS
Statement of responsibility, etc OXFORD
942 ## - ADDED ENTRY ELEMENTS (KOHA)
Source of classification or shelving scheme
Item type Books
Holdings
Withdrawn status Lost status Source of classification or shelving scheme Damaged status Not for loan Collection code Permanent location Current location Shelving location Date acquired Total Checkouts Full call number Barcode Date last seen Price effective from Koha item type
          Koleksioni i përgjithshem UBT - Lipjan UBT - Lipjan Koleksioni i përgjithshem 07/12/2017   R 038 OXF 002-295224 12/07/2017 07/12/2017 Books
UBT Library © 2015-2024. All rights reserved University Education for Business and Technology